An analysis of the social situation in selected countries of the European Union

Analýza sociálnej situácie. Teoretické predpoklady analýzy základnej zložky (PCA - Principal component analysis). Výsledky empirického výskumu. Medzinárodné porovnanie sociálnej situácie v Európskej únii-15 a krajinách V4.

Gespeichert in:
Bibliographische Detailangaben
1. Verfasser: Sodomová, Eva
Weitere Verfasser: Labudová, Viera, 1958-
Format: Buchkapitel
Sprache:Englisch
Schlagworte:
Tags: Tag hinzufügen
Keine Tags, Fügen Sie das erste Tag hinzu!

MARC

LEADER 00000naa$a2200000$$$4500
001 0049273
005 20240502083130.7
041 0 |a eng 
044 |a PL 
245 1 0 |a An analysis of the social situation in selected countries of the European Union  |c Eva Sodomová, Viera Labudová 
520 |a Analýza sociálnej situácie. Teoretické predpoklady analýzy základnej zložky (PCA - Principal component analysis). Výsledky empirického výskumu. Medzinárodné porovnanie sociálnej situácie v Európskej únii-15 a krajinách V4. 
610 2 0 |a situácia sociálna 
610 2 0 |a analýzy 
610 2 0 |a porovnanie medzinárodné 
610 2 0 |a Európska únia 
610 2 0 |a Vyšehradská štvorka 
100 1 |a Sodomová, Eva 
700 1 |a Labudová, Viera, 1958-